| 000 | 00767cam a2200265 a 4500 | ||
|---|---|---|---|
| 001 | 000003645 | ||
| 003 | DO-SdBNP | ||
| 005 | 20220926114054.0 | ||
| 007 | ta | ||
| 008 | 010312s2001 sp d 000 1 spa | ||
| 020 | _a8466602690 | ||
| 040 |
_aDO-SdBNP _bspa _cBNPHU |
||
| 082 | 4 |
_a813.54 _bG869g _222 |
|
| 100 | 1 |
_aGrisham, John, _d1955- _910906 |
|
| 245 | 1 | 3 |
_aLa granja / _cJohn Grisham ; traducción, María Antonio Menini. |
| 246 |
_aA painted house. _iEspañol |
||
| 260 |
_aBarcelona : _bGrupo zeta, _c2001. |
||
| 300 |
_a461 p. ; _c23 cm. |
||
| 590 | _aInventariado, 2022 / DG | ||
| 650 | 4 |
_aNovela estadounidense _9262 |
|
| 650 | 4 |
_aLiteratura estadounidense _9263 |
|
| 700 | 1 |
_aMenini, María Antonio, _etr. _911179 |
|
| 910 | _aDG | ||
| 942 |
_2ddc _cLBS1 |
||
| 999 |
_c3468 _d3468 |
||